Tuyển tập tiểu thuyết Nguyễn Khải

Bewaard in:
Bibliografische gegevens
Hoofdauteur: NGUYỄN KHẢI
Formaat: Boek
Taal:Undetermined
Gepubliceerd in: Thanh niên 2001
Tags: Voeg label toe
Geen labels, Wees de eerste die dit record labelt!
Thư viện lưu trữ: Trung tâm Học liệu Trường Đại học Cần Thơ
LEADER 00427nam a2200145Ia 4500
001 CTU_49839
008 210402s9999 xx 000 0 und d
082 |a 895.9223008 
082 |b Kh103/T1 
100 |a NGUYỄN KHẢI 
245 0 |a Tuyển tập tiểu thuyết Nguyễn Khải 
245 0 |c NGUYỄN KHẢI 
260 |b Thanh niên 
260 |c 2001 
980 |a Trung tâm Học liệu Trường Đại học Cần Thơ